<?xml version="1.0" encoding="UTF-8"?><?xml-stylesheet type="text/xsl" href="static/style.xsl"?><OAI-PMH xmlns="http://www.openarchives.org/OAI/2.0/" xmlns:xsi="http://www.w3.org/2001/XMLSchema-instance" xsi:schemaLocation="http://www.openarchives.org/OAI/2.0/ http://www.openarchives.org/OAI/2.0/OAI-PMH.xsd"><responseDate>2026-06-06T02:44:59Z</responseDate><request verb="GetRecord" identifier="oai:riuma.uma.es:10630/32066" metadataPrefix="marc">https://riuma.uma.es/rest/oai/request</request><GetRecord><record><header><identifier>oai:riuma.uma.es:10630/32066</identifier><datestamp>2026-02-03T12:30:30Z</datestamp><setSpec>com_10630_2254</setSpec><setSpec>col_10630_37959</setSpec></header><metadata><record xmlns="http://www.loc.gov/MARC21/slim" xmlns:dcterms="http://purl.org/dc/terms/" xmlns:doc="http://www.lyncode.com/xoai" xmlns:xsi="http://www.w3.org/2001/XMLSchema-instance" xsi:schemaLocation="http://www.loc.gov/MARC21/slim http://www.loc.gov/standards/marcxml/schema/MARC21slim.xsd">
   <leader>00925njm 22002777a 4500</leader>
   <datafield ind2=" " ind1=" " tag="042">
      <subfield code="a">dc</subfield>
   </datafield>
   <datafield ind2=" " ind1=" " tag="720">
      <subfield code="a">Cabrera-Carrillo, Juan Antonio</subfield>
      <subfield code="e">author</subfield>
   </datafield>
   <datafield ind2=" " ind1=" " tag="720">
      <subfield code="a">Bataller-Torras, Alex</subfield>
      <subfield code="e">author</subfield>
   </datafield>
   <datafield ind2=" " ind1=" " tag="720">
      <subfield code="a">Pérez-Fernández, Javier</subfield>
      <subfield code="e">author</subfield>
   </datafield>
   <datafield ind2=" " ind1=" " tag="720">
      <subfield code="a">Alcázar-Vargas, Manuel Gonzalo</subfield>
      <subfield code="e">author</subfield>
   </datafield>
   <datafield ind2=" " ind1=" " tag="260">
      <subfield code="c">2024</subfield>
   </datafield>
   <datafield ind2=" " ind1=" " tag="520">
      <subfield code="a">Sleep apnea is a disorder in which breathing is interrupted during sleep [1]. The most common type is obstructive sleep apnea (OSA), in which there is a partial or complete collapse of the upper airway during sleep. Patients with sleep apnea suffer from excessive daytime sleepiness and are at increased risk of developing cardiovascular diseases such as arrhythmias, heart failure and stroke [2]. The main treatments for OSA are Continuous Positive Airway Pressure (CPAP), surgery and Mandibular Advancement Devices (MAD). CPAP is a machine that, by means of a facial or nasal mask, produces a constant positive air pressure in the upper airway, preventing its collapse. The most commonly used surgery removes excess soft tissue from the throat to enlarge the airway. MADs advance the jaw to open the airway and can be either monoblock or two-piece devices. The latter, which are composed of two splints that are fixed to the mandible and maxilla respectively, are more comfortable, as they allow patients to open the mouth. There are different systems for connecting the two splints of these devices, such as bars, screws, telescopic rods or lateral fins, among others. However, not all of these systems keep the lower jaw in a forward position when opening the mouth, producing a retrusion that can lead to collapse of the upper airway. Furthermore, the kinematic behavior of the mechanism formed by the jaw-device assembly depends on the patient's morphology. This means that, when opening the mouth, there are devices that can protrude the mandible in some patients, while retracting it in others. This work studies the behavior of one of the best-known MADs on the market, in which both splints are connected by means of bars. For this purpose, a kinematic model of the maxilla-device assembly has been developed. Then, an evolutionary algorithm has been used to obtain the dimensions that ensure the correct behavior of the MAD.</subfield>
   </datafield>
   <datafield ind1="8" ind2=" " tag="024">
      <subfield code="a">https://hdl.handle.net/10630/32066</subfield>
   </datafield>
   <datafield tag="653" ind2=" " ind1=" ">
      <subfield code="a">Síndrome de apnea del sueño</subfield>
   </datafield>
   <datafield tag="653" ind2=" " ind1=" ">
      <subfield code="a">Mandíbula - Modelos matemáticos</subfield>
   </datafield>
   <datafield ind2="0" ind1="0" tag="245">
      <subfield code="a">Design of mandibular advancement devices using an evolutionary algorithm.</subfield>
   </datafield>
</record>
</metadata></record></GetRecord></OAI-PMH>